01126nam a2200313Ic 450000100060000000300100000600500170001600700030003300800410003602000180007704000350009504100080013008400060013810000260014424501130017025000230028326400460030630000560035233600270040833700330043533800280046849000650049652100460056165000490060765000350065665000410069165000490073270000310078158924CO-BoRNBP20250829193419.0ta161213s2016 ck a g 000 0 spa  a9789583053733 aCO-BoRNBPbspaerdacCO-BoRNBP aspa aC aMorozumi, Atzukoeaut13aUn gorila y las cosas que me gustan /cAtsuko Morozumi ; edición y traducción Javier R. Mahecha López. aEdición especial 1aBogotá, Colombia :bPanamericana,c2016 a[26] páginas sin numerar :bilustraciones a color atextobtxt2rdacontent asin mediaciónbn2rdamedia avolumenbnc2rdacarrier0 aPlan Nacional de Lectura y Escritura Leer es mi Cuento. 2016 aRecomendados para niños de 6 a 8 años04aCuentos infantiles japonesesySiglo XX2LEMB07aGorilas en la literatura2lemb07aLibros ilustrados para niños2LEMB04aLiteratura infantil japonesaySiglo XX2LEMB aMahecha López, Javier R.